| 000 | 01993nam a22002177a 4500 | ||
|---|---|---|---|
| 999 |
_c62195 _d62195 |
||
| 003 | Ge_BSU | ||
| 005 | 20240731153243.0 | ||
| 008 | 240731s2023 ge ||||| |||| 00| 0 geo d | ||
| 020 | _a9789941857539 | ||
| 041 | _ageo | ||
| 080 | _a811.351.42(076.1) ხ-22 | ||
| 100 |
_aხანგოშვილი, მექა _eშემდგენელი. _923012 |
||
| 245 |
_aჩეჩნური ენა : I კლასი : _b მოსწავლის რვეული = Нохчий мотт : I класс : Дешархочун тептар / _cიდეის ავტორი, შემდგენელი და მთ. რედაქტორი მექა ხანგოშვილი ; ჩეჩნური ტექსტების რედაქტორი ხამზათ უმხაევი ; ილუსტრაციების ავტორი ემა გუმაშვილი ; დიზაინი ილნარ გორელიშვილი. |
||
| 264 |
_aთბილისი, _c2023. |
||
| 300 |
_a200 გვ. : _b ილ. ; _c29 სმ. |
||
| 500 | _aწიგნში ქისტი მხატვრების გარდა გამოყენებულია ქისტი ბავშვების - ფატიმა, მალიქა და მარიტა ხანგოშვილების ნახატები, ასევე ინტერნეტიდან აღებული უავტორო ილუსტრაციები. | ||
| 700 |
_aუმხაევი, ხამზათ _eჩეჩნური ტექსტების რედაქტორიდა სხვ. _923029 |
||
| 710 |
_a წიგნი გამოიცა საქართველოში გაეროს ბავშვთა ფონდის ფინანსური დახმარებით. _923030 |
||
| 773 | _tნაჩუქარი | ||
| 942 |
_2udc _cBK |
||